000
00316nam a22001457a 4500
020
_a
978-0-07-068193-4
041
_a
ENG
100
_a
Rao.P.N
245
_a
CAD / CAM Principles and Applications
250
_a
3 Edition
260
_a
New Delhi
_b
Hc Graw Hill
_c
2017
300
_a
768
650
_a
FMP
856
_u
FMP
999
_c
68
_d
68